[Event "FRA Cup qt final1"]
[Site "France"]
[Date "2001.06.03"]
[Round "?"]
[White "Garcia, Olivier"]
[Black "Mohebbi, Jaffar"]
[Result "1/2-1/2"]
[WhiteElo "2252"]
[BlackElo "2318"]
[PlyCount "110"]
[EventDate "2001.06.03"]
[EventType "team"]
[EventRounds "1"]
[EventCountry "FRA"]
[SourceTitle "EXT 2005"]
[Source "ChessBase"]
[SourceDate "2004.11.15"]
[SourceVersion "1"]
[SourceVersionDate "2004.11.15"]
[SourceQuality "1"]
[WhiteTeam "Lyon"]
[BlackTeam "Bischwiller"]
[WhiteTeamCountry "FRA"]
[BlackTeamCountry "FRA"]

1. c4 c5 2. Nc3 Nc6 3. g3 g6 4. Bg2 Bg7 5. Nf3 Nf6 6. 0-0 0-0 7. Rb1 d5 8. cxd5 Nxd5 9. Ng5 Nxc3 10. bxc3 Qc7 11. Qc2 Bf5 12. e4 Bd7 13. d3 h6 14. Nf3 Rac8 15. Be3 b6 16. Qd2 Kh7 17. Rbc1 Rfd8 18. Ne1 Ne5 19. Bf4 Bb5 20. Qe3 Qd7 21. Bxe5 Bxe5 22. Nf3 Bg7 23. Rfd1 e5 24. c4 Ba4 25. Rd2 a6 26. h4 Rc6 27. Kh2 Qc7 28. Bh3 b5 29. cxb5 axb5 30. h5 c4 31. dxc4 Rxd2 32. Qxd2 Rxc4 33. Rxc4 bxc4 34. Qc3 Qc5 35. Kg1 gxh5 36. Bf1 Bb5 37. Nd2 h4 38. gxh4 Bf6 39. Qf3 Kg7 40. Qg3+ Kf8 41. Nb1 Bc6 42. Nc3 Qd4 43. Qe3 Ke7 44. Qg3 Kd6 45. a4 Bd8 46. Qg8 Ke7 47. Ne2 Qxe4 48. Ng3 Qf3 49. Bh3 Be4 50. Qh8 Qd1+ 51. Bf1 Qd4 52. Qxh6 c3 53. Nxe4 Qxe4 54. Qg5+ f6 55. Qg7+ Kd6 1/2-1/2

[Event "FRA-chT"]
[Site "France"]
[Date "1996.??.??"]
[Round "?"]
[White "Bernard, Christophe"]
[Black "Garcia, Olivier"]
[Result "1/2-1/2"]
[WhiteElo "2370"]
[BlackElo "2250"]
[PlyCount "98"]
[EventDate "1996.??.??"]
[EventType "team"]
[EventRounds "11"]
[EventCountry "FRA"]
[SourceTitle "CBM 055 Extra"]
[Source "ChessBase"]
[SourceDate "1997.01.01"]
[SourceVersion "1"]
[SourceVersionDate "1997.01.01"]
[SourceQuality "1"]

1. d4 g6 2. Nf3 Bg7 3. c4 d6 4. Nc3 Nd7 5. e4 e5 6. Be2 Ne7 7. 0-0 0-0 8. Be3 exd4 9. Nxd4 Nc5 10. Qd2 f5 11. exf5 Bxd4 12. Bxd4 Nxf5 13. b4 Nxd4 14. Qxd4 Ne6 15. Qe3 a5 16. b5 Nc5 17. b6 cxb6 18. Rad1 Bf5 19. Qd4 Qg5 20. f4 Qe7 21. Bf3 Qf6 22. Qxf6 Rxf6 23. Nd5 Rff8 24. Ne7+ Kg7 25. Nxf5+ Rxf5 26. g3 Rf6 27. Rb1 Raf8 28. Kg2 h6 29. Bd5 g5 30. fxg5 hxg5 31. Rxf6 Kxf6 32. Rxb6 Ke5 33. Rb5 Kd4 34. Rxa5 Nd3 35. Bxb7 g4 36. Rd5+ Ke3 37. h3 Ne1+ 38. Kg1 Nf3+ 39. Kh1 Rh8 40. h4 Kf2 41. Rxd6 Nxh4 42. Rd2+ Kxg3 43. Kg1 Rb8 44. Rb2 Nf3+ 45. Kf1 Rh8 46. Rg2+ Kf4 47. Bxf3 gxf3 48. Rg7 Rh1+ 49. Rg1 Rh2 1/2-1/2

[Event "FRA-chT"]
[Site "France"]
[Date "1996.??.??"]
[Round "?"]
[White "Garcia, Olivier"]
[Black "Neron de Surgy, Gilles"]
[Result "0-1"]
[WhiteElo "2250"]
[BlackElo "2210"]
[PlyCount "102"]
[EventDate "1996.??.??"]
[EventType "team"]
[EventRounds "11"]
[EventCountry "FRA"]
[SourceTitle "CBM 055 Extra"]
[Source "ChessBase"]
[SourceDate "1997.01.01"]
[SourceVersion "1"]
[SourceVersionDate "1997.01.01"]
[SourceQuality "1"]

1. c4 c6 2. Nf3 d5 3. e3 Nf6 4. Nc3 e6 5. d4 Nbd7 6. Qc2 Bd6 7. Bd3 0-0 8. c5 Bc7 9. g4 e5 10. Be2 Nxg4 11. h3 Nxf2 12. Kxf2 e4 13. Nxe4 dxe4 14. Qxe4 Nf6 15. Qc2 Qe7 16. Bd3 Re8 17. Bd2 Ne4+ 18. Bxe4 Qxe4 19. Qxe4 Rxe4 20. Bc3 Bf5 21. Rhg1 g6 22. h4 Rae8 23. Rae1 h5 24. Rh1 Bd8 25. Ng5 Rg4 26. Reg1 f6 27. Nf3 Be4 28. Rh3 Bxf3 29. Rxf3 f5 30. Rh3 Ree4 31. Rd1 Bxh4+ 32. Kf3 Bg5 33. Rd3 Re7 34. d5 cxd5 35. Bd2 Rd7 36. b4 a6 37. a4 Kf7 38. Rh1 Be7 39. Rc1 Re4 40. b5 Rxa4 41. c6 bxc6 42. bxc6 Rc7 43. Rxd5 Ke6 44. Ra5 Ra3 45. Rxa3 Bxa3 46. Ra1 Bd6 47. Rxa6 Kd5 48. Ra5+ Kxc6 49. Bc1 Re7 50. Ra6+ Kd5 51. Ra5+ Bc5 0-1

[Event "FRA-chT"]
[Site "France"]
[Date "1996.??.??"]
[Round "?"]
[White "Velikov, Petar"]
[Black "Garcia, Olivier"]
[Result "1/2-1/2"]
[WhiteElo "2445"]
[BlackElo "2250"]
[PlyCount "77"]
[EventDate "1996.??.??"]
[EventType "team"]
[EventRounds "11"]
[EventCountry "FRA"]
[SourceTitle "CBM 055 Extra"]
[Source "ChessBase"]
[SourceDate "1997.01.01"]
[SourceVersion "1"]
[SourceVersionDate "1997.01.01"]
[SourceQuality "1"]

1. Nf3 c5 2. g3 g6 3. Bg2 Bg7 4. 0-0 Nc6 5. c3 e5 6. d3 Nge7 7. a3 d6 8. b4 0-0 9. Nbd2 cxb4 10. axb4 e4 11. Nxe4 d5 12. Nc5 Bxc3 13. Bh6 Bxa1 14. Qxa1 Nf5 15. Bxf8 Qxf8 16. Qc3 a5 17. bxa5 Rxa5 18. Rc1 d4 19. Qc4 Qe7 20. h3 h6 21. g4 Nd6 22. Qc2 Ra3 23. Qb2 Rc3 24. Rxc3 dxc3 25. Qxc3 Qxe2 26. Qf6 Qe7 27. Qxe7 Nxe7 28. Nd4 Kf8 29. f4 Ke8 30. Kf2 Kd8 31. Ke3 Kc7 32. Na4 b6 33. Nc3 Bd7 34. Kd2 b5 35. Nd5+ Nxd5 36. Bxd5 Kb6 37. Nf3 Bc6 38. Bxc6 Kxc6 39. Ne5+ 1/2-1/2